KOHA-Header-6

International Marketing (Record no. 12633)

000 -LEADER
fixed length control field 00272nam a22001217a 4500
020 ## - INTERNATIONAL STANDARD BOOK NUMBER
ISBN 9788131520727
082 ## - DEWEY DECIMAL CLASSIFICATION NUMBER
Classification number 658.848
100 ## - MAIN ENTRY--AUTHOR NAME
Personal name Michael R. Czinkota
245 ## - TITLE STATEMENT
Title International Marketing
250 ## - EDITION STATEMENT
Edition statement 10th
260 ## - PUBLICATION, DISTRIBUTION, ETC. (IMPRINT)
Place of publication India
Name of publisher Cengage Learning
Year of publication 2014
942 ## - ADDED ENTRY ELEMENTS (KOHA)
Koha item type Books
Holdings
Withdrawn status Lost status Collection code Permanent Location Current Location Shelving location Date acquired Full call number Accession Number Koha item type
    Marketing MAJU MAJU   2020-11-02 658.848 9785 Marketing

Powered by Koha